Анализ влияния шага дискретизации многочастотного сигнала на точность определения его действующего и среднего значения; Современные техника и технологии; Т. 1.

Podrobná bibliografie
Parent link:Современные техника и технологии=Modern Technique and Technologies: IX Международная научно-практическая конференция студентов, аспирантов и молодых ученых, г. Томск, 7-11 апреля 2003 г./ Томский политехнический университет; oтв. ред. А. С. Заворин.— , 2003-
Т. 1..— 2003.— С. 15-17
Hlavní autor: Дербенёв Д. В.
Jazyk:ruština
Vydáno: 2003
Témata:
Médium: MixedMaterials Kapitola
KOHA link:https://koha.lib.tpu.ru/cgi-bin/koha/opac-detail.pl?biblionumber=116564

MARC

LEADER 00000naa2a2200000 4500
001 116564
005 20231031123246.0
035 |a (RuTPU)RU\TPU\book\126149 
090 |a 116564 
100 |a 20070523d2003 k y0rusy50 ca 
101 0 |a rus 
102 |a RU 
200 1 |a Анализ влияния шага дискретизации многочастотного сигнала на точность определения его действующего и среднего значения  |f Д. В. Дербенёв 
320 |a Библиогр.: 3 назв. 
461 1 |0 (RuTPU)RU\TPU\book\64647  |t Современные техника и технологии  |l Modern Technique and Technologies  |o IX Международная научно-практическая конференция студентов, аспирантов и молодых ученых, г. Томск, 7-11 апреля 2003 г.  |o труды: В 2 т.  |f Томский политехнический университет; oтв. ред. А. С. Заворин  |d 2003- 
463 1 |0 (RuTPU)RU\TPU\book\64489  |y 5-98298-037-4  |t Т. 1.  |v С. 15-17  |d 2003  |p 321 с. 
610 1 |a многочастотные сигналы 
610 1 |a дискретизация 
610 1 |a многочастотные напряжения 
610 1 |a периодические напряжения 
610 1 |a напряжения 
610 1 |a труды учёных ТПУ 
700 1 |a Дербенёв  |b Д. В. 
801 1 |a RU  |b 63413507  |c 20070523  |g PSBO 
801 2 |a RU  |b 63413507  |c 20140617  |g RCR 
942 |c BK